<?xml version="1.0" encoding="UTF-8"?>
<record
    xmlns:xsi="http://www.w3.org/2001/XMLSchema-instance"
    xsi:schemaLocation="http://www.loc.gov/MARC21/slim http://www.loc.gov/standards/marcxml/schema/MARC21slim.xsd"
    xmlns="http://www.loc.gov/MARC21/slim">

  <leader>01468nam a22002777a 4500</leader>
  <controlfield tag="003">NALT</controlfield>
  <controlfield tag="005">20250310132111.0</controlfield>
  <controlfield tag="008">               th                  tha d</controlfield>
  <datafield tag="020" ind1=" " ind2=" ">
    <subfield code="a">9748196348</subfield>
  </datafield>
  <datafield tag="040" ind1=" " ind2=" ">
    <subfield code="a">NALT</subfield>
  </datafield>
  <datafield tag="041" ind1=" " ind2=" ">
    <subfield code="a">tha</subfield>
  </datafield>
  <datafield tag="050" ind1=" " ind2=" ">
    <subfield code="a">HB 883.5 </subfield>
    <subfield code="b">&#xE21;251&#xE08;</subfield>
  </datafield>
  <datafield tag="110" ind1="2" ind2=" ">
    <subfield code="a">&#xE21;&#xE2B;&#xE32;&#xE27;&#xE34;&#xE17;&#xE22;&#xE32;&#xE25;&#xE31;&#xE22;&#xE21;&#xE2B;&#xE34;&#xE14;&#xE25;.</subfield>
    <subfield code="b">&#xE2A;&#xE16;&#xE32;&#xE1A;&#xE31;&#xE19;&#xE27;&#xE34;&#xE08;&#xE31;&#xE22;&#xE1B;&#xE23;&#xE30;&#xE0A;&#xE32;&#xE01;&#xE23;&#xE41;&#xE25;&#xE30;&#xE2A;&#xE31;&#xE07;&#xE04;&#xE21;</subfield>
    <subfield code="9">564</subfield>
  </datafield>
  <datafield tag="245" ind1="1" ind2="0">
    <subfield code="a">&#xE08;&#xE38;&#xE14;&#xE40;&#xE1B;&#xE25;&#xE35;&#xE48;&#xE22;&#xE19;&#xE19;&#xE42;&#xE22;&#xE1A;&#xE32;&#xE22;&#xE1B;&#xE23;&#xE30;&#xE0A;&#xE32;&#xE01;&#xE23;&#xE1B;&#xE23;&#xE30;&#xE40;&#xE17;&#xE28;&#xE44;&#xE17;&#xE22; /</subfield>
    <subfield code="c">&#xE2A;&#xE16;&#xE32;&#xE1A;&#xE31;&#xE19;&#xE27;&#xE34;&#xE08;&#xE31;&#xE22;&#xE1B;&#xE23;&#xE30;&#xE0A;&#xE32;&#xE01;&#xE23;&#xE41;&#xE25;&#xE30;&#xE2A;&#xE31;&#xE07;&#xE04;&#xE21; &#xE21;&#xE2B;&#xE32;&#xE27;&#xE34;&#xE17;&#xE22;&#xE32;&#xE25;&#xE31;&#xE22;&#xE21;&#xE2B;&#xE34;&#xE14;&#xE25; ; &#xE01;&#xE38;&#xE28;&#xE25; &#xE2A;&#xE38;&#xE19;&#xE17;&#xE23;&#xE18;&#xE32;&#xE14;&#xE32;, &#xE1A;&#xE23;&#xE23;&#xE13;&#xE32;&#xE18;&#xE34;&#xE01;&#xE32;&#xE23;.</subfield>
  </datafield>
  <datafield tag="260" ind1=" " ind2=" ">
    <subfield code="a">&#xE01;&#xE23;&#xE38;&#xE07;&#xE40;&#xE17;&#xE1E;&#xE2F; : </subfield>
    <subfield code="b">&#xE2A;&#xE33;&#xE19;&#xE31;&#xE01;&#xE07;&#xE32;&#xE19;&#xE01;&#xE2D;&#xE07;&#xE17;&#xE38;&#xE19;&#xE2A;&#xE19;&#xE31;&#xE1A;&#xE2A;&#xE19;&#xE38;&#xE19;&#xE01;&#xE32;&#xE23;&#xE27;&#xE34;&#xE08;&#xE31;&#xE22;, </subfield>
    <subfield code="c">&#xE21;.&#xE1B;.&#xE1B;..</subfield>
  </datafield>
  <datafield tag="300" ind1=" " ind2=" ">
    <subfield code="a">411 &#xE2B;&#xE19;&#xE49;&#xE32; :</subfield>
    <subfield code="b">&#xE15;&#xE32;&#xE23;&#xE32;&#xE07; ;</subfield>
    <subfield code="c">21 &#xE0B;&#xE21;.</subfield>
  </datafield>
  <datafield tag="650" ind1=" " ind2="4">
    <subfield code="a">&#xE15;&#xE25;&#xE32;&#xE14;&#xE41;&#xE23;&#xE07;&#xE07;&#xE32;&#xE19;</subfield>
    <subfield code="9">24505</subfield>
    <subfield code="x">&#xE27;&#xE34;&#xE08;&#xE31;&#xE22;</subfield>
  </datafield>
  <datafield tag="650" ind1=" " ind2="4">
    <subfield code="a">&#xE19;&#xE42;&#xE22;&#xE1A;&#xE32;&#xE22;&#xE1B;&#xE23;&#xE30;&#xE0A;&#xE32;&#xE01;&#xE23; </subfield>
    <subfield code="9">54327</subfield>
  </datafield>
  <datafield tag="650" ind1=" " ind2="0">
    <subfield code="a">&#xE1C;&#xE39;&#xE49;&#xE2A;&#xE39;&#xE07;&#xE2D;&#xE32;&#xE22;&#xE38;</subfield>
    <subfield code="9">6134</subfield>
  </datafield>
  <datafield tag="650" ind1=" " ind2="4">
    <subfield code="a">&#xE20;&#xE32;&#xE27;&#xE30;&#xE40;&#xE08;&#xE23;&#xE34;&#xE0D;&#xE1E;&#xE31;&#xE19;&#xE18;&#xE38;&#xE4C;</subfield>
    <subfield code="9">54328</subfield>
  </datafield>
  <datafield tag="650" ind1=" " ind2="0">
    <subfield code="a">&#xE40;&#xE17;&#xE04;&#xE42;&#xE19;&#xE42;&#xE25;&#xE22;&#xE35;</subfield>
    <subfield code="9">30429</subfield>
  </datafield>
  <datafield tag="700" ind1="0" ind2=" ">
    <subfield code="9">54326</subfield>
    <subfield code="a">&#xE01;&#xE38;&#xE28;&#xE25; &#xE2A;&#xE38;&#xE19;&#xE17;&#xE23;&#xE18;&#xE32;&#xE14;&#xE32;</subfield>
  </datafield>
  <datafield tag="850" ind1=" " ind2=" ">
    <subfield code="a">NALT</subfield>
  </datafield>
  <datafield tag="942" ind1=" " ind2=" ">
    <subfield code="c">RSH</subfield>
    <subfield code="2">lcc</subfield>
  </datafield>
  <datafield tag="998" ind1=" " ind2=" ">
    <subfield code="b">SAIPHON</subfield>
    <subfield code="c">phon</subfield>
    <subfield code="j">1020</subfield>
    <subfield code="k"> &#xE19;&#xE32;&#xE07;&#xE08;&#xE33;&#xE40;&#xE23;&#xE35;&#xE22;&#xE07;  &#xE23;&#xE30;&#xE27;&#xE31;&#xE07;&#xE2A;&#xE33;&#xE42;&#xE23;&#xE07;</subfield>
  </datafield>
  <datafield tag="999" ind1=" " ind2=" ">
    <subfield code="c">27597</subfield>
    <subfield code="d">27597</subfield>
  </datafield>
  <datafield tag="952" ind1=" " ind2=" ">
    <subfield code="0">0</subfield>
    <subfield code="1">0</subfield>
    <subfield code="2">lcc</subfield>
    <subfield code="4">0</subfield>
    <subfield code="7">0</subfield>
    <subfield code="8">CRSH</subfield>
    <subfield code="a">NALT</subfield>
    <subfield code="b">NALT</subfield>
    <subfield code="d">2021-08-26</subfield>
    <subfield code="o">&#xE27; HB 883.5 &#xE21;251&#xE08;</subfield>
    <subfield code="p">3961109093</subfield>
    <subfield code="r">2017-06-09 00:00:00</subfield>
    <subfield code="w">2017-06-09</subfield>
    <subfield code="y">RSH</subfield>
  </datafield>
</record>
